LEADER 00550nab a2200145 i 4500 001 000000311023 003 CaOOAMICUS 005 20180831173025.0 008 180831n xx uu u0 0und r 013 $a20113 040 $aSeMil$bita 100 1 $aZorzoli, Emanuele.$0(OLS)http://semarc/name/33473 245 10$aLimitazione del diritto di proprietą di fronte alla necessitą del prossimo. 773 0 $t[Luglio-Dicembre].$g350-372$w()274045 996 $6245$aLimitazione del diritto di proprietą di fronte alla necessitą del prossimo$9(OLS)http://semarc/title/385708 LEADER 00923nab a2200145 i 4500 001 000000275119 003 CaOOAMICUS 005 20110223000000.0 008 110223n xx uu u0 0und r 013 $a24197 040 $aSeMil$bita 245 10$aMaestą monumentali su tavole nello spazio sacro tra 13. e 15. secolo ; Concezione sacrale e ruolo simbolico della iconografia bizantina ; ... ; Pitture in Valtellina nel 15. sec. ; Misteri della luce in Santa Maria degli Angeli. - Titoli dalla cop. 500 $aGENNAIO-FEBBRAIO 2011 (N. 862). 773 0 $t[2011 : fascicoli 862-867].$dMilano : Scuola Beato Angelico, copyr. 2011.$w()200738 996 $6245$aMaestą monumentali su tavole nello spazio sacro tra 13. e 15. secolo ; Concezione sacrale e ruolo simbolico della iconografia bizantina ; ... ; Pitture in Valtellina nel 15. sec. ; Misteri della luce in Santa Maria degli Angeli. - Titoli dalla cop.$9(OLS)http://semarc/title/361314